000 00370nam a22001217a 4500
008 161126b xxu||||| |||| 00| 0 eng d
022 _a01150839
082 _2Jan-Dec 2005 v. 46, n. 1-6
_aDPer 613.05
_bH34
245 _aHealth and home.
260 _aCaloocan City:
_bPhil. Publishing House,
_cc2005.
300 _a1 volume:
_bcolor illustrations,
_c27 cm.
942 _2ddc
_cPER
999 _c5895
_d5895